000 00490nam a2200193Ia 4500
005 20240823021211.0
008 240823s9999||||xx |||||||||||||| ||und||
020 _a81-317-0703-2
041 _aENGLISH
082 _A005.133 P7
100 _a"Webb,John W"
245 0 _aProgrammable Logic Controllers : Principles and Applications
250 _a5th
260 _c2007
_b"Pearson,"
500 _aYES
650 _aProgramming
_bComputer Applications
942 _cBK
999 _c176515
_d176515